The complete poultryman /

Bibliographic Details
Main Author: Thompson, Alan
Format: Book
Language:English
Published: London : Faber and Faber, [1952]
Subjects:

MARC

Tag First Indicator Second Indicator Subfields
LEADER 00000cam a2200000 4500
001 in00000028646
005 20151007062757.0
008 751114s1952 enka 00010 eng c
010 |a agr52000073  
035 |a (OCoLC)01833716 
035 |9 AAD5772AM 
040 |a AGR  |c FBA  |d TXA  |d UtOrBLW 
049 |a TXAM  |c [268055] 
050 0 |a SF487  |b .T4 1952 
082 0 |a 636.5 
092 |a 636.5  |b T468c 
100 1 |a Thompson, Alan. 
245 1 4 |a The complete poultryman /  |c edited by Alan Thompson and largely written by Leonard Turnill and Ray Feltwell. 
264 1 |a London :  |b Faber and Faber,  |c [1952] 
300 |a 511 pages :  |b illustrations ;  |c 22 cm. 
336 |a text  |b txt  |2 rdacontent 
337 |a unmediated  |b n  |2 rdamedia 
338 |a volume  |b nc  |2 rdacarrier 
650 0 |a Poultry. 
999 |a MARS 
999 f f |s 05fe29f1-74ec-3610-86dd-c990cf2ca374  |i e0f3728d-4ee4-308b-8cdb-8ee5a156c1f6  |t 0 
952 f f |p ric  |a Texas A&M University  |b Rellis Campus  |c Joint Library Facility  |d Remote Storage  |t 0  |e SF487 .T4 1952  |h Library of Congress classification  |i unmediated -- volume  |m A14801092007 
998 f f |a SF487 .T4 1952  |t 0  |l Remote Storage